<?xml version="1.0" encoding="UTF-8"?>
<resp>
  <nextPage>https://data.bn.org.pl/api/networks/bibs.marcxml?marc=001+b0000004876842&amp;sinceId=4876843</nextPage>
  <collection>
    <record xmlns='http://www.loc.gov/MARC21/slim'><leader>01886nam a2200601 i 4500</leader><controlfield tag='001'>b0000004876842</controlfield><controlfield tag='005'>20241203215303.0</controlfield><controlfield tag='008'>150831p19902006pl a   a     |000 0 pol c</controlfield><controlfield tag='009'>9910228923005606</controlfield><datafield ind1=' ' ind2=' ' tag='020'><subfield code='z'>8387220132</subfield><subfield code='q'>(ponownie nadany ;</subfield><subfield code='q'>oprawa miękka) :</subfield><subfield code='c'>zł 1</subfield></datafield><datafield ind1=' ' ind2=' ' tag='035'><subfield code='a'>991036695379705066</subfield></datafield><datafield ind1=' ' ind2=' ' tag='035'><subfield code='a'>(PL-WaBN)b4876842x-48omnis_nlop</subfield></datafield><datafield ind1=' ' ind2=' ' tag='035'><subfield code='a'>b4876842x</subfield></datafield><datafield ind1=' ' ind2=' ' tag='035'><subfield code='a'>(OCoLC)947827476</subfield></datafield><datafield ind1=' ' ind2=' ' tag='035'><subfield code='a'>(PL)b0000004876842</subfield></datafield><datafield ind1=' ' ind2=' ' tag='040'><subfield code='a'>WA N</subfield><subfield code='c'>WA N</subfield><subfield code='d'>WA N</subfield></datafield><datafield ind1=' ' ind2=' ' tag='046'><subfield code='k'>199X</subfield><subfield code='2'>edtf</subfield></datafield><datafield ind1='0' ind2='0' tag='245'><subfield code='a'>Pluszaki.</subfield><subfield code='n'>4.</subfield></datafield><datafield ind1=' ' ind2=' ' tag='260'><subfield code='a'>Szczecin :</subfield><subfield code='b'>Promus,</subfield><subfield code='c'>[po 1990-przed 2007].</subfield></datafield><datafield ind1=' ' ind2=' ' tag='300'><subfield code='a'>[12] stron :</subfield><subfield code='b'>ilustracje ;</subfield><subfield code='c'>21 cm.</subfield></datafield><datafield ind1=' ' ind2=' ' tag='336'><subfield code='a'>Tekst</subfield><subfield code='b'>txt</subfield><subfield code='2'>rdacontent</subfield></datafield><datafield ind1=' ' ind2=' ' tag='337'><subfield code='a'>Obraz</subfield><subfield code='b'>sti</subfield><subfield code='2'>rdacontent</subfield></datafield><datafield ind1=' ' ind2=' ' tag='338'><subfield code='a'>Wolumin</subfield><subfield code='b'>nc</subfield><subfield code='2'>rdacarrier</subfield></datafield><datafield ind1=' ' ind2=' ' tag='380'><subfield code='a'>Książki</subfield></datafield><datafield ind1=' ' ind2=' ' tag='380'><subfield code='a'>Gry i zabawki</subfield></datafield><datafield ind1=' ' ind2=' ' tag='385'><subfield code='m'>Grupa wiekowa</subfield><subfield code='a'>Dzieci</subfield></datafield><datafield ind1=' ' ind2=' ' tag='385'><subfield code='m'>Grupa wiekowa</subfield><subfield code='a'>0-5 lat</subfield></datafield><datafield ind1='1' ind2=' ' tag='388'><subfield code='a'>1901-2000</subfield></datafield><datafield ind1='1' ind2=' ' tag='388'><subfield code='a'>1989-2000</subfield></datafield><datafield ind1='1' ind2=' ' tag='388'><subfield code='a'>2001-</subfield></datafield><datafield ind1=' ' ind2='7' tag='650'><subfield code='a'>Trening umysłu</subfield><subfield code='2'>DBN</subfield></datafield><datafield ind1=' ' ind2='7' tag='655'><subfield code='a'>Broszura</subfield><subfield code='2'>DBN</subfield></datafield><datafield ind1=' ' ind2='7' tag='655'><subfield code='a'>Książka do kolorowania</subfield><subfield code='2'>DBN</subfield></datafield><datafield ind1=' ' ind2=' ' tag='658'><subfield code='a'>Edukacja i pedagogika</subfield></datafield><datafield ind1='2' ind2=' ' tag='710'><subfield code='a'>Promus, Przedsiębiorstwo Wielobranżowe</subfield><subfield code='e'>Wydawca</subfield><subfield code='4'>pbl</subfield></datafield><datafield ind1=' ' ind2=' ' tag='852'><subfield code='8'>22546412240005066</subfield><subfield code='j'>1</subfield><subfield code='h'>3.166.359 A</subfield><subfield code='b'>BN_PL</subfield><subfield code='p'>30001025384213</subfield><subfield code='c'>bk1</subfield></datafield><datafield ind1=' ' ind2=' ' tag='852'><subfield code='b'>48OMNIS_NLOP</subfield><subfield code='8'>991036695379705066</subfield></datafield><datafield ind1=' ' ind2=' ' tag='852'><subfield code='b'>48OMNIS_NETWORK</subfield><subfield code='8'>9910228923005606</subfield></datafield><datafield ind1=' ' ind2=' ' tag='920'><subfield code='z'>83-87220-13-2 (ponownie nadany ; oprawa miękka) :</subfield></datafield></record>
  </collection>
</resp>
